000 nam a22 a 4500
999 _c174192
_d174192
003 BLK
005 20230502152501.0
008 180411b bul|||||r ||||||| ||bul||
010 _aKNG00182654000
020 _a954-412-012-2
040 _aBLK
041 _aBUL
_cBUL
080 _aАнглийска литература
_b821.111
_x-312.4
_z821.111-312.4
100 1 _aУолъс, Едгар
_eпърви автор
_9364270
139 _aУолъс, Едгар
_bУ 69
245 1 0 _aУбийството с нарцисите
_bКримин. роман
_cЕдгар Уолъс; прев. от англ. Цветан Георгиев Петков.
257 _aGBR
260 _aСофия
_bЛъчезар Минчев
_c1993
300 _a191 с.
_c20 см
380 _aX
490 _aЕдгар Уолъс
_v9
_9203263
500 _aОриг. загл. The Daffodil Murder. - 8 100 тир.
700 1 _aПетков, Цветан Георгиев
_eпрев. от англ.
_9363360
852 _aЦб 174215
_bЦб
856 4 _qpdf
_i0.00
_ldisable
856 4 _qpdf
_i0.00
_ldisable
942 _cKNG
_n0
_s1
944 _aCR
_c25.09.2015
_kКамелия_Данева
944 _aED
_c21.09.2017
_kКети_Илиева
999 _d174192